Schönste Länder der Welt - Statistiken

Allgemein
  • Dieses Quiz wurde 104 mal gespielt
  • Das Durchschnittsergebnis liegt bei 24 aus 30
Antwortstatistiken
# Antwort % Korrekt
20 Frankreich
96%
3 Italien
96%
5 Spanien
96%
18 Kanada
94%
7 Norwegen
91%
14 Schweden
91%
4 Schweiz
91%
9 Australien
90%
12 Brasilien
90%
10 Österreich
89%
1 Griechenland
87%
17 Finnland
86%
23 Japan
85%
26 Argentinien
84%
2 Neuseeland
84%
13 Portugal
84%
19 Mexiko
82%
29 Südafrika
82%
8 Island
80%
15 Türkei
78%
6 Thailand
76%
27 Indonesien
75%
16 Ägypten
72%
25 Dänemark
72%
28 Kroatien
72%
22 Peru
72%
11 Irland
67%
30 Marokko
59%
21 Niederlande
59%
24 Costa Rica
23%
Keine übereinstimmenden Quizze gefunden
Verteilung der Resultate
Anzahl Personen mit jedem Resultat
Perzentil nach korrekt beantworteten Fragen
Ihre Resultats-Entwicklung
Sie haben dieses Quiz noch nicht gespielt